Statistics for 500 Well Known Movies By Cast

Click here to take the quiz!

General Stats

  • This quiz has been taken 24 times
  • The average score is 151 of 500

Answer Stats

CastMovie% Correct
Michael Keaton, Jack Nicholson, Kim BasingerBatman
92%
Robert Pattinson, Zoe Kravitz, Paul DanoThe Batman
92%
Tobey Maguire, Willem Dafoe, Kirsten DunstSpider-Man
85%
Mark Hamill, Carrie Fisher, Harrison FordStar Wars
85%
Andrew Garfield, Emma Stone, Martin SheenThe Amazing Spider-Man
85%
Al Pacino, Marlon Brando, Diane KeatonThe Godfather
85%
Wesley Snipes, Kris Kristofferson, Udo KierBlade
77%
Tom Hanks, Robin Wright, Gary SiniseForrest Gump
77%
Leonardo DiCaprio, Tom Hardy, Joseph Gordon-LevittInception
77%
John Travolta, Samuel L. Jackson, Uma ThurmanPulp Fiction
77%
Robert De Niro, Jodie Foster, Harvey KeitelTaxi Driver
77%
Michael J. Fox, Christopher Lloyd, Lea ThompsonBack to the Future
69%
Michael Keaton, Winona Ryder, Alec BaldwinBeetlejuice
69%
Macaulay Culkin, Joe Pesci, John CandyHome Alone
69%
Robert Downey Jr., Jeff Bridges, Gwyneth PaltrowIron Man
69%
Mel Gibson, Danny Glover, Gary BuseyLethal Weapon
69%
Will Smith, Tommy Lee Jones, Linda FiorentinoMen in Black
69%
Cillian Murphy, Emily Blunt, Robert Downey Jr.Oppenheimer
69%
Sylvester Stallone, Talia Shire, Carl WeathersRocky
69%
Liam Neeson, Ben Kingsley, Ralph FiennesSchindler's List
69%
Brad Pitt, Morgan Freeman, Gwyneth PaltrowSeven
69%
Christopher Reeve, Gene Hackman, Marlon BrandoSuperman
69%
Nicolas Cage, Sean Connery, Ed HarrisThe Rock
69%
Bruce Willis, Haley Joel Osment, Toni ColletteThe Sixth Sense
69%
Jesse Eisenberg, Andrew Garfield, Justin TimberlakeThe Social Network
69%
Linda Hamilton, Arnold Schwarzenegger, Michael BiehnThe Terminator
69%
Chris Hemsworth, Natalie Portman, Tom HiddlestonThor
69%
Hugh Jackman, Patrick Stewart, Famke JanssenX-Men
69%
Sigourney Weaver, Harry Dean Stanton, Ian HolmAlien
62%
Sigourney Weaver, Lance Henriksen, Bill PaxtonAliens
62%
Paul Rudd, Evangeline Lilly, Michael DouglasAnt-Man
62%
Martin Sheen, Robert Duvall, Marlon BrandoApocalypse Now
62%
Margot Robbie, Ryan Gosling, America FerreraBarbie
62%
Christian Bale, Michael Caine, Liam NeesonBatman Begins
62%
Scarlett Johansson, David Harbour, Olga KurylenkoBlack Widow
62%
Chris Evans, Hayley Atwell, Hugo Weaving | Chris Evans, Hayley Atwell, Tommy Lee JonesCaptain America: The First Avenger
62%
Robert De Niro, Sharon Stone, Joe PesciCasino
62%
Cameron Diaz, Drew Barrymore, Lucy LiuCharlie's Angels
62%
Michael B. Jordan, Sylvester Stallone, Tessa ThompsonCreed
62%
Jamie Foxx, Christoph Waltz, Leonardo DiCaprioDjango Unchained
62%
Edward Norton, Brad Pitt, Helena Bonham CarterFight Club
62%
Robert De Niro, Ray Liotta, Joe PesciGoodfellas
62%
Matt Damon, Robin Williams, Ben AffleckGood Will Hunting
62%
Sam Neill, Laura Dern, Jeff GoldblumJurassic Park
62%
Leonardo DiCaprio, Brad Pitt, Margot RobbieOnce Upon a Time in Hollywood
62%
Tom Berenger, Willem Dafoe, Charlie SheenPlatoon
62%
Harrison Ford, Karen Allen, Alfred MolinaRaiders of the Lost Ark
62%
Tom Cruise, Dustin Hoffman, Valeria GolinoRain Man
62%
Harvey Keitel, Tim Roth, Steve BuscemiReservoir Dogs
62%
Chris Pine, Zachary Quinto, Simon PeggStar Trek
62%
Jeff Bridges, John Goodman, Julianne MooreThe Big Lebowski
62%
Danny Glover, Whoopi Goldberg, Oprah WinfreyThe Color Purple
62%
Tom Hanks, Michael Clarke Duncan, Sam RockwellThe Green Mile
62%
Tom Cruise, Val Kilmer, Meg RyanTop Gun
62%
Shia LaBeouf, Megan Fox, Hugo WeavingTransformers
62%
Gal Gadot, Chris Pine, Robin WrightWonder Woman
62%
Eminem, Brittany Murphy, Kim Basinger8 Mile
54%
Johnny Depp, Helena Bonham Carter, Anne HathawayAlice in Wonderland
54%
Jason Momoa, Nicole Kidman, Willem DafoeAquaman
54%
Chadwick Boseman, Lupita Nyong'o, Michael B. JordanBlack Panther
54%
Ryan Reynolds, Morena Baccarin, Gina CaranoDeadpool
54%
Johnny Depp, Winona Ryder, Vincent PriceEdward Scissorhands
54%
Jim Carrey, Kate Winslet, Kirsten DunstEternal Sunshine of the Spotless Mind
54%
Nicolas Cage, John Travolta, Joan AllenFace/Off
54%
William H. Macy, Frances McDormand, Steve BuscemiFargo
54%
Kristen Bell, Idina Menzel, Josh GadFrozen
54%
Bruce Willis, James McAvoy, Samuel L. JacksonGlass
54%
Chris Pratt, Zoe Saldana, Dave BautistaGuardians of the Galaxy
54%
Al Pacino, Robert De Niro, Val KilmerHeat
54%
Will Smith, Jeff Goldblum, Vivica A. FoxIndependence Day
54%
Brad Pitt, Melanie Laurent, Christoph WaltzInglourious Basterds
54%
Roy Schneider, Robert Shaw, Richard DreyfussJaws
54%
Uma Thurman, David Carradine, Lucy LiuKill Bill
54%
Jack Nicholson, Louise Fletcher, Danny DeVitoOne Flew Over the Cuckoo's Nest
54%
Emma Stone, Mark Ruffalo, Willem DafoePoor Things
54%
Arnold Schwarzenegger, Carl Weathers, Bill DukePredator
54%
Anthony Perkins, Janet Leigh, Vera MilesPsycho
54%
Bruce Willis, Morgan Freeman, John MalkovichRED
54%
Keanu Reeves, Sandra Bullock, Dennis HopperSpeed
54%
Leonardo DiCaprio, Matt Damon, Jack NicholsonThe Departed
54%
Keanu Reeves, Al Pacino, Charlize TheronThe Devil's Advocate
54%
Dustin Hoffman, Anne Bancroft, Katharine RossThe Graduate
54%
Leslie Nelson, Priscilla Presley, George KennedyThe Naked Gun
54%
Morgan Freeman, Tim Robbins, Clancy BrownThe Shawshank Redemption
54%
Jack Nicholson, Shelley Duvall, Danny LloydThe Shining
54%
Judy Garland, Frank Bolger, Jack HaleyThe Wizard of Oz
54%
Steve Martin, Martin Short, Chevy ChaseThree Amigos
54%
Tom Hanks, Tim Allen, R. Lee ErmeyToy Story
54%
Mike Myers, Dana Carvey, Alice CooperWayne's World
54%
Chiwetel Ejiofor, Lupita Nyong'o, Michael Fassbender12 Years a Slave
46%
Tom Cruise, Jack Nicholson, Demi MooreA Few Good Men
46%
Kevin Spacey, Annette Bening, Chris CooperAmerican Beauty
46%
Tom Hanks, Kevin Bacon, Ed HarrisApollo 13
46%
Bruce Willis, Ben Affleck, Owen WilsonArmageddon
46%
Bradley Cooper, Lady Gaga, Dave ChappelleA Star Is Born
46%
Michael Douglas, Sharon Stone, Wayne KnightBasic Instinct
46%
Michael Keaton, Emma Stone, Edward NortonBirdman
46%
Ryan Gosling, Harrison Ford, Ana de ArmasBlade Runner 2049
46%
Mark Wahlberg, Burt Reynolds, Julianne MooreBoogie Nights
46%
Audrey Hepburn, George Peppard, Buddy EbsenBreakfast At Tiffany's
46%
Humphrey Bogart, Ingrid Bergman, Paul HenreidCasablanca
46%
Daniel Craig, Eva Green, Jeffrey WrightCasino Royale
46%
Orson Welles, Joseph Cotten, Dorothy ComingoreCitizen Kane
46%
Nicolas Cage, John Malkovich, John CusackCon Air
46%
Ice Cube, Chris Tucker, Nia LongFriday
46%
Leonardo DiCaprio, Daniel Day Lewis, Cameron DiazGangs of New York
46%
Bill Murray, Dan Aykroyd, Sigourney WeaverGhostbusters
46%
Russell Crowe, Joaquin Phoenix, Djimon HounsouGladiator
46%
Pam Grier, Robert Forster, Samuel L. JacksonJackie Brown
46%
Joaquin Phoenix, Robert De Niro, Zazie BeetzJoker
46%
Chris Pratt, Bryce Dallas Howard, Omar SyJurassic World
46%
Adam Sandler, Jennifer Aniston, Nicole KidmanJust Go with It
46%
Daniel Craig, Ana de Armas, Chris EvansKnives Out
46%
Hugh Jackman, Patrick Stewart, Dafne KeenLogan
46%
Henry Cavill, Amy Adams, Michael ShannonMan of Steel
46%
Ben Stiller, Robin Williams, Carla GuginoNight at the Museum
46%
Prince, Apollonia Kotero, Morris DayPurple Rain
46%
Matthew Lillard, Neve Campbell, Drew BarrymoreScream
46%
Mark Wahlberg, Seth MacFarlane, Mila KunisTed
46%
Christian Bale, Anne Hathaway, Tom HardyThe Dark Knight Rises
46%
Robert De Niro, Meryl Streep, Christopher WalkenThe Deer Hunter
46%
Robert De Niro, Al Pacino, Joe PesciThe Irishman
46%
Geena Davis, Susan Sarandon, Harvey KeitelThelma & Louise
46%
Brendan Fraser, Sadie Sink, Hong ChauThe Whale
46%
Mickey Rourke, Marisa Tomei, Evan Rachel WoodThe Wrestler
46%
Frances McDormand, Sam Rockwell, Woody HarrelsonThree Billboards Outside Ebbing, Missouri
46%
Tom Cruise, Miles Teller, Jennifer ConnellyTop Gun: Maverick
46%
Tom Hanks, Meg Ryan, Dave ChappelleYou've Got Mail
46%
Harrison Ford, Gary Oldman, Glenn CloseAir Force One
38%
Heather Langenkamp, Robert Englund, Johnny DeppA Nightmare on Elm Street
38%
Natalie Portman, Mila Kunis, Winona RyderBlack Swan
38%
Adam Sandler, Drew Barrymore, Terry CrewsBlended
38%
Warren Beatty, Faye Dunaway, Gene HackmanBonnie & Clyde
38%
Sissy Spacek, John Travolta, Nancy AllenCarrie
38%
Ben Affleck, Jennifer Garner, Michael Clarke DuncanDaredevil
38%
Warren Beatty, Madonna, Al PacinoDick Tracey
38%
Sean Connery, Ursula Andress, Joseph WisemanDr. No
38%
Dennis Hopper, Peter Fonda, Jack NicholsonEasy Rider
38%
Michelle Yeoh, Ke Huy Quan, James HongEverything, Everywhere All At Once
38%
George Clooney, Meryl Streep, Bill MurrayFantastic Mr. Fox
38%
Matthew Modine, R. Lee Ermey, Vincent D'OnofrioFull Metal Jacket
38%
Pierce Brosnan, Sean Bean, Judi DenchGoldenEye
38%
Jamie Lee Curtis, Donald Pleasance, Nick Castle | Malcolm McDowell, Sheri Moon Zombie, Tyler ManeHalloween
38%
Simon Pegg, Nick Frost, Timothy DaltonHot Fuzz
38%
Matthew McConaughey, Anne Hathaway, Jessica ChastainInterstellar
38%
Keanu Reeves, Willem Dafoe, John LeguizamoJohn Wick
38%
Jack Black, Naomi Watts, Adrien BrodyKing Kong
38%
Nicolas Cage, Elisabeth Shue, Julian SandsLeaving Las Vegas
38%
Mel Gibson, Danny Glover, Jet LiLethal Weapon 4
38%
Daniel Day Lewis, Joseph Gordon-Levitt, Tommy Lee JonesLincoln
38%
Bill Murray, Scarlett Johansson, Giovanni RibisiLost in Translation
38%
Robin Williams, Sally Field, Pierce BrosnanMrs. Doubtfire
38%
Adam Sandler, Jennifer Aniston, Luke EvansMurder Mystery
38%
Daniel Craig, Rami Malek, Ana de ArmasNo Time To Die
38%
Frank Sinatra, Dean Martin, Sammy Davis Jr.Ocean's 11
38%
George Clooney, Brad Pitt, Matt DamonOcean's Eleven
38%
Charlton Heston, Roddy McDowall, Maurice Evans | Mark Wahlberg, Tim Roth, Michael Clarke DuncanPlanet of the Apes
38%
Leonardo DiCaprio, Mark Ruffalo, Ben KingsleyShutter Island
38%
Tobey Maguire, Thomas Haden Church, Topher GraceSpider-Man 3
38%
Tom Hanks, Daryl Hannah, John CandySplash
38%
Sylvester Stallone, Jason Statham, Jet LiThe Expendables
38%
Samuel L. Jackson, Jennifer Jason Leigh, Kurt RussellThe Hateful Eight
38%
Jennifer Lawrence, Josh Hutcherson, Woody HarrelsonThe Hunger Games
38%
Forest Whitaker, James McAvoy, Kerry WashingtonThe Last King of Scotland
38%
Adam Sandler, Chris Rock, Burt ReynoldsThe Longest Yard
38%
Ryan Reynolds, Sandra Bullock, Betty WhiteThe Proposal
38%
Gene Hackman, Anjelica Huston, Ben StillerThe Royal Tenenbaums
38%
Jack Nicholson, Cher, Michelle PfeifferThe Witches of Eastwick
38%
Chris Hemsworth, Cate Blanchett, Jeff GoldblumThor: Ragnarok
38%
Bruce Willis, Samuel L. Jackson, Robin WrightUnbreakable
38%
Charlie Sheen, Michael Douglas, Daryl HannahWall Street
38%
Tom Cruise, Dakota Fanning, Tim RobbinsWar of the Worlds
38%
Jack Nicholson, Michelle Pfeiffer, Christopher PlummerWolf
38%
John Lennon, Paul McCartney, Ringo StarrYellow Submarine
38%
Jesse Eisenberg, Woody Harrelson, Emma StoneZombieland
38%
Robin Williams, Scott Weinger, Gilbert GottfriedAladdin
31%
Christian Bale, Willem Dafoe, Reese WitherspoonAmerican Psycho
31%
Paul Rudd, Michelle Pfeiffer, Laurence FishburneAnt-Man & The Wasp
31%
Ben Affleck, Bryan Cranston, Alan ArkinArgo
31%
Matthew McConaughey, Samuel L. Jackson, Sandra BullockA Time To Kill
31%
Ansel Elgort, Kevin Spacey, Lily JamesBaby Driver
31%
Michael Keaton, Michelle Pfeiffer, Danny DeVitoBatman Returns
31%
John Cusack, Cameron Diaz, John MalkovichBeing John Malkovich
31%
Leonardo DiCaprio, Djimon Hounsou, Jennifer ConnellyBlood Diamond
31%
Warren Beatty, Annette Bening, Ben KingsleyBugsy
31%
Johnny Depp, Helena Bonham Carter, Deep RoyCharlie and the Chocolate Factory
31%
Sylvester Stallone, Harvey Keitel, Ray LiottaCop Land
31%
Robin Williams, Ethan Hawke, Josh CharlesDead Poet's Society
31%
Sylvester Stallone, Wesley Snipes, Sandra BullockDemolition Man
31%
Clint Eastwood, Andrew Robinson, Reni SantanoDirty Harry
31%
Johnny Depp, Al Pacino, Michael MadsenDonnie Brasco
31%
Denzel Washington, Viola Davis, Mykelti WilliamsonFences
31%
George Clooney, Harvey Keitel, Quentin TarantinoFrom Dusk Till Dawn
31%
Daniel Kaluuya, Allison Williams, Bradley WhitfordGet Out
31%
Aaron Taylor-Johnson, Elizabeth Olsen, Bryan Cranston | Matthew Broderick, Jean Reno, Hank AzariaGodzilla
31%
Robin Williams, Forest Whitaker, Bruno KirbyGood Morning, Vietnam
31%
Sandra Bullock, George Clooney, Ed HarrisGravity
31%
Will Smith, Charlize Theron, Jason BatemanHancock
31%
Asa Butterfield, Chloe Grace Moretz, Ben KingsleyHugo
31%
Adam Sandler, Queen Latifah, Robert DuvallHustle
31%
Will Smith, Alice Braga, Willow SmithI Am Legend
31%
Robert Downey Jr., Ben Kingsley, Guy PearceIron Man 3
31%
Margot Robbie, Sebastian Stan, Julianne NicholsonI, Tonya
31%
Dwayne Johnson, Emily Blunt, Jesse PlemonsJungle Cruise
31%
David Bowie, Jennifer Connelly, Toby FreudLabyrinth
31%
Hugh Grant, Alan Rickman, Liam NeesonLove, Actually
31%
Danny Trejo, Michelle Rodriguez, Robert De NiroMachete
31%
Tom Hardy, Charlize Theron, Nicholas HoultMad Max: Fury Road
31%
Hilary Swank, Clint Eastwood, Morgan FreemanMillion Dollar Baby
31%
Bruce Willis, Edward Norton, Frances McDormandMoonrise Kingdom
31%
Annabeth Gish, Julia Roberts, Vincent D'OnofrioMystic Pizza
31%
Morgan Freeman, Gerard Butler, Aaron EckhartOlympus Has Fallen
31%
Nicolas Cage, Holly Hunter, John GoodmanRaising Arizona
31%
James Dean, Natalie Wood, Sal MineoRebel Without A Cause
31%
Leonardo DiCaprio, Kate Winslet, Michael ShannonRevolutionary Road
31%
Freddie Prinze Jr., Sarah Michelle Gellar, Matthew LillardScooby-Doo
31%
Emily Blunt, Benicio del Toro, Josh BrolinSicario
31%
Bruce Willis, Jessica Alba, Rosario DawsonSin City
31%
Johnny Depp, Christina Ricci, Casper Van DienSleepy Hollow
31%
Mel Brooks, John Candy, Rick MoranisSpaceballs
31%
Colin Farrell, Brendan Gleeson, Barry KeoghanThe Banshees of Inisherin
31%
Paul Newman, Tom Cruise, Forest WhitakerThe Color of Money
31%
Brandon Lee, Bai Ling, Ernie HudsonThe Crow
31%
Juliette Binoche, Ralph Fiennes, Willem DafoeThe English Patient
31%
Bruce Willis, Milla Jovovich, Chris TuckerThe Fifth Element
31%
Harrison Ford, Tommy Lee Jones, Julianne MooreThe Fugitive
31%
Sean Astin, Josh Brolin, Ke Huy QuanThe Goonies
31%
Robert Redford, Bruce Dern, Scott WilsonThe Great Gatsby
31%
Benedict Cumberbatch, Keira Knightley, Mark StrongThe Imitation Game
31%
Robert De Niro, Anne Hathaway, Rene RussoThe Intern
31%
Benedict Cumberbatch, Kirsten Dunst, Jesse PlemonsThe Power of the Dog
31%
Christian Bale, Hugh Jackman, Michael CaineThe Prestige
31%
Tommy Wiseau, Greg Sestero, Juliette DanielleThe Room
31%
Margot Robbie, Idris Elba, John CenaThe Suicide Squad
31%
Adam Sandler, Drew Barrymore, Christine TaylorThe Wedding Singer
31%
Denzel Washington, Ethan Hawke, Eva MendesTraining Day
31%
Ben Stiller, Jack Black, Tom CruiseTropic Thunder
31%
Hailee Steinfeld, Jeff Bridges, Matt Damon | John Wayne, Robert Duvall, Dennis HopperTrue Grit
31%
Arnold Schwarzenegger, Jamie Lee Curtis, Bill PaxtonTrue Lies
31%
Adam Sandler, LaKeith Stanfield, Idina MenzelUncut Gems
31%
Steven Seagal, Tommy Lee Jones, Gary BuseyUnder Siege
31%
James Stewart, Kim Novak, Henry JonesVertigo
31%
Owen Wilson, Vince Vaughn, Christopher WalkenWedding Crashers
31%
Sandra Bullock, Viggo Mortensen, Steve Buscemi28 Days
23%
John Cleese, Jamie Lee Curtis, Kevin KlineA Fish Called Wanda
23%
Seth MacFarlane, Charlize Theron, Liam NeesonA Million Ways To Die in the West
23%
Jennifer Lopez, Ice Cube, Owen WilsonAnaconda
23%
Brad Pitt, Margot Robbie, Tobey MaguireBabylon
23%
Kyle MacLachlan, Isabella Rossilini, Dennis HopperBlue Velvet
23%
Charlize Theron, Nicole Kidman, Margot RobbieBombshell
23%
Tom Hanks, Mark Rylance, Jesse PlemonsBridge of Spies
23%
Al Pacino, Sean Penn, John LeguizamoCarlito's Way
23%
Elizabeth Taylor, Paul Newman, Burl Ives | Elizabetz Taylor, Paul Newman, Maggie PollittCat on a Hot Tin Roof
23%
Tom Hanks, Philip Seymour Hoffman, Julia RobertsCharlie Wilson's War
23%
Sylvester Stallone, John Lithgow, Michael RookerCliffhanger
23%
Alan Rickman, Chris Rock, Salma HayekDogma
23%
Tom Cruise, Emily Blunt, Bill PaxtonEdge of Tomorrow
23%
Johnny Depp, Martin Landau, Sarah Jessica ParkerEd Wood
23%
Ethan Hawke, Uma Thurman, Jude LawGattaca
23%
Nicolas Cage, Eva Mendes, Sam ElliottGhost Rider
23%
Ben Affleck, Rosamund Pike, Tyler PerryGone Girl
23%
Ryan Reynolds, Michael Clarke Duncan, Tim RobbinsGreen Lantern
23%
Chris Pratt, Kurt Russell, Sylvester StalloneGuardians of the Galaxy vol. 2
23%
Christopher Lambert, Sean Connery, Clancy BrownHighlander
23%
Will Smith, Kevin James, Eva MendesHitch
23%
Adam Sandler, Selena Gomez, Andy SambergHotel Transylvania
23%
Jay Baruchel, America Ferrera, Gerard ButlerHow to Train Your Dragon
23%
Ray Romano, John Leguizamo, Denis LearyIce Age
23%
Al Pacino, Robin Williams, Hilary SwankInsomnia
23%
Donald Sutherland, Jeff Goldblum, Leonard NimoyInvasion of the Body Snatchers
23%
Robert Downey Jr., Sam Rockwell, Mickey RourkeIron Man 2
23%
Kevin Costner, Gary Oldman, Tommy Lee JonesJFK
23%
Rowan Atkinson, Natalie Imbruglia, John MalkovichJohnny English
23%
Tom Hiddleston, Brie Larson, Samuel L. JacksonKong: Skull Island
23%
Jack Black, Dustin Hoffman, Angelina JolieKung Fu Panda
23%
Joseph Gordon-Levitt, Bruce Willis, Emily BluntLooper
23%
Tom Cruise, Julianne Moore, Philip Seymour HoffmanMagnolia
23%
Meryl Streep, Pierce Brosnan, Amanda SeyfriedMamma Mia
23%
Jim Carrey, Renee Zellweger, Robert ForsterMe, Myself & Irene
23%
Keanu Reeves, River Phoenix, Udo KierMy Own Private Idaho
23%
Jake Gyllenhaal, Rene Russo, Riz AhmedNightcrawler
23%
Jesse Eisenberg, Isla Fisher, Dave FrancoNow You See Me
23%
Antonio Banderas, Johnny Depp, Salma HayekOnce Upon a Time in Mexico
23%
Dustin Hoffman, Rene Russo, Morgan FreemanOutbreak
23%
George Clooney, Jennifer Lopez, Ving RhamesOut of Sight
23%
George C. Scott, Karl Malden, David BauerPatton
23%
Adam Sandler, Kevin James, Peter DinklagePixels
23%
Tobey Maguire, Reese Witherspoon, Jeff DanielsPleasantville
23%
Ben Stiller, Winona Ryder, Ethan HawkeReality Bites
23%
Cillian Murphy, Rachel McAdams, Brian CoxRed Eye
23%
Sylvester Stallone, Mr. T, Hulk HoganRocky III
23%
Jet Li, Aaliyah, DMXRomeo Must Die
23%
Will Smith, Angelina Jolie, Martin ScorseseShark Tale
23%
Mel Gibson, Joaquin Phoenix, Abigail BreslinSigns
23%
Kurt Russell, Meryl Streep, CherSilkwood
23%
Owen Wilson, Ben Stiller, Snoop DoggStarsky & Hutch
23%
Michael Fassbender, Kate Winslet, Seth RogenSteve Jobs
23%
Bill Murray, John Candy, Warren OatesStripes
23%
Lori Petty, Ice-T, Naomi WattsTank Girl
23%
Andrew Garfield, Jamie Foxx, Paul GiamattiThe Amazing Spider-Man 2
23%
John Hurt, Anthony Hopkins, Anne BancroftThe Elephant Man
23%
Gene Hackman, Fernando Ray, Roy SchneiderThe French Connection
23%
Ralph Fiennes, Tony Revolori, Jeff GoldblumThe Grand Budapest Hotel
23%
James Earl Jones, Jeremy Irons, Rowan AtkinsonThe Lion King
23%
Anya Taylor-Joy, Nicholas Hoult, Ralph FiennesThe Menu
23%
Ryan Gosling, Russell Crowe, Kim BasingerThe Nice Guys
23%
Simon Pegg, Nick Frost, Pierce BrosnanThe World's End
23%
George Clooney, Mark Wahlberg, Ice CubeThree Kings
23%
Helen Hunt, Bill Paxton, Philip Seymour HoffmanTwister
23%
Val Kilmer, Joanne Whaley, Warwick DavisWillow
23%
Brad Pitt, Mireille Enos, Peter CapaldiWorld War Z
23%
James McAvoy, Michael Fassbender, Jennifer LawrenceX-Men: First Class
23%
Kevin James, Rosario Dawson, Donnie WahlbergZookeeper
23%
John Cusack, Danny Glover, Woody Harrelson2012
15%
Will Smith, Jaden Smith, Zoe KravitzAfter Earth
15%
Djimon Hounsou, Anthony Hopkins, Matthew McConaugheyAmistad
15%
Amy Adams, Jeremy Renner, Forest WhitakerArrival
15%
Ice Cube, Eve, Cedric the EntertainerBarbershop
15%
Kurt Russell, Kim Cattrall, James HongBig Trouble in Little China
15%
Sandra Bullock, Trevante Rhodes, John MalkovichBird Box
15%
Margot Robbie, Mary Elizabeth Winstead, Ewan McGregorBirds of Prey
15%
Gary Oldman, Winona Ryder, Anthony HopkinsBram Stoker's Dracula
15%
Virginia Madsen, Tony Todd, Xander BerkeleyCandyman
15%
Bill Hader, Anna Faris, Mr. TCloudy with a Chance of Meatballs
15%
Jamie Foxx, Tom Cruise, Jada Pinkett SmithCollateral
15%
Johnny Depp, Michelle Pfeiffer, Helena Bonham CarterDark Shadows
15%
Kurt Russell, Rosario Dawson, Mary Elizabeth WinsteadDeath Proof
15%
Antonio Banderas, Salma Hayek, Steve BuscemiDesperado
15%
Sylvester Stallone, Arnold Schwarzenegger, Sam NeillEscape Plan
15%
Betsy Palmer, Kevin Bacon, Laurie BartramFriday the 13th
15%
50 Cent, Terrence Howard, Viola DavisGet Rich or Die Tryin'
15%
Method Man, Redman, Mike EppsHow High
15%
Jessie Buckley, Jesse Plemons, David ThewlisI'm Thinking of Ending Things
15%
Denzel Washington, Jodie Foster, Willem DafoeInside Man
15%
Clint Eastwood, John Malkovich, Rene RussoIn the Line of Fire
15%
Jason Mewes, Kevin Smith, Carrie FisherJay and Silent Bob Strike Back
15%
Aaron Taylor-Johnson, Chloe Grace Moretz, Nicolas CageKick-Ass
15%
Jean-Claude Van Damme, Bolo Yeung, Forest WhitakerKickboxer
15%
Tom Cruise, Cameron Diaz, Viola DavisKnight and Day
15%
Anya Taylor-Joy, Thomasin McKenzie, Matt SmithLast Night in Soho
15%
Timothy Dalton, Carey Lowell, Robert DaviLicense to Kill
15%
Roger Moore, Yaphet Kotto, Jane SeymourLive and Let Die
15%
Seth Rogen, Charlize Theron, O'Shea Jackson Jr.Long Shot
15%
Nicolas Cage, Ethan Hawke, Ian HolmLord of War
15%
Bill Pullman, Patricia Arquette, Gary BuseyLost Highway
15%
Bradley Cooper, Carey Mulligan, Sarah SilvermanMaestro
15%
Jessica Chastain, Idris Elba, Kevin CostnerMolly's Game
15%
Naomi Watts, Justin Theroux, Robert ForsterMulholland Dr.
15%
Daniel Kaluuya, Keke Palmer, Steven YeunNope
15%
Thomasin McKenzie, Rufus Sewell, M. Night ShymalanOld
15%
Josh Brolin, Elizabeth Olsen, Samuel L. JacksonOldboy
15%
Hugh Bonneville, Sally Hawkins, Julie WaltersPaddington
15%
JoBeth Williams, Craig T. Nelson, Beatrice StraightPoltergeist
15%
Hugh Jackman, Jake Gyllenhaal, Terrence HowardPrisoners
15%
Patrick Swayze, Lea Thompson, Charlie SheenRed Dawn
15%
Jesse Eisenberg, Anne Hathaway, Jamie FoxxRio
15%
Peter Weller, Nancy Allen, Ronny CoxRoboCop
15%
Felicity Jones, Diego Luna, Donnie YenRogue One: A Star Wars Story
15%
Bill Murray, Karen Allen, John ForsytheScrooged
15%
Al Pacino, John Randolph, Tony RobertsSerpico
15%
Samuel L. Jackson, Christian Bale, Busta RhymesShaft
15%
Joseph Gordon-Levitt, Nicolas Cage, Zachary QuintoSnowden
15%
Alden Ehrenreich, Emilia Clarke, Woody HarrelsonSolo: A Star Wars Story
15%
James Marsden, Jim Carrey, Ben SchwartzSonic the Hedgehog
15%
Jake Gyllenhaal, Forest Whitaker, Rachel McAdamsSouthpaw
15%
Adam Sandler, Carey Mulligan, Paul DanoSpace Man
15%
Julianne Moore, Alec Baldwin, Kristen StewartStill Alice
15%
Dave Grohl, Taylor Hawkins, Pat SmearStudio 666
15%
John David Washington, Robert Pattinson, Michael CaineTenet
15%
Mel Gibson, Michelle Pfeiffer, Kurt RussellTequila Sunrise
15%
Denzel Washington, Mila Kunis, Gary OldmanThe Book of Eli
15%
Owen Wilson, Adrien Brody, Jason SchwartzmanThe Darjeeling Limited
15%
James Franco, Seth Rogen, Randall ParkThe Interview
15%
Chris Pratt, Elizabeth Banks, Morgan FreemanThe Lego Movie
15%
Kevin Hart, Woody Harrelson, Kaley CuocoThe Man From Toronto
15%
Matt Damon, Jessic Chastain, Sean BeanThe Martian
15%
Joaquin Phoenix, Philip Seymour Hoffman, Amy AdamsThe Master
15%
Ben Stiller, Adam Sandler, Dustin HoffmanThe Meyerowitz Stories
15%
Thomas Jane, Alexa Davalos, Andre BraugherThe Mist
15%
George Clooney, Matt Damon, Bill MurrayThe Monuments Men
15%
Alexander Skarsgard, Anya Taylor-Joy, Nicole KidmanThe Northman
15%
Tom Hanks, Meryl Streep, Bob OdenkirkThe Post
15%
Sharon Stone, Gene Hackman, Russell CroweThe Quick and the Dead
15%
Tom Hanks, Catherine Zeta-Jones, Stanley TucciThe Terminal
15%
Kurt Russell, Keith David, T.K. CarterThe Thing
15%
Bryce Dallas Howard, Joaquin Phoenix, Adrien BrodyThe Village
15%
Kevin Bacon, Fred Ward, Finn CarterTremors
15%
Lupita Nyong'o, Winston Duke, Duke NicholsonUs
15%
Nicolas Cage, Laura Dern, Willem DafoeWild at Heart
15%
Jim Carrey, Zooey Deschanel, Bradley CooperYes Man
15%
Mary Elizabeth Winstead, John Goodman, Bradley Cooper10 Cloverfield Lane
8%
Edward Norton, Philip Seymour Hoffman, Rosario Dawson25th Hour
8%
Cillian Murphy, Naomie Harris, Brendan Gleeson28 Days Later
8%
Scott Adkins, Ray Stevenson, Michael Jai WhiteAccident Man
8%
Carl Weathers, Sharon Stone, Bill DukeAction Jackson
8%
Brad Pitt, Tommy Lee Jones, Donald SutherlandAd Astra
8%
Dave Bautista, Nora Arnezeder, Matthias SchweighöferArmy of the Dead
8%
Matthias Schweighöfer, Nathalie Emmanuell, Ruby O. FeeArmy of Thieves
8%
Jason Schwartzman, Scarlett Johansson, Tom HanksAsteroid City
8%
Charlize Theron, Sofia Boutella, John GoodmanAtomic Blonde
8%
Danny Trejo, Charles S. Dutton, Ron PerlmanBad Ass
8%
Adam Sandler, Guy Pearce, Richard GriffithsBedtime Stories
8%
Dwayne Johnson, Pierce Brosnan, Aldis HodgeBlack Adam
8%
Kurt Russell, Patrick Wilson, Richard JenkinsBone Tomahawk
8%
Vince Vaughn, Jennifer Carpenter, Udo KierBrawl in Cell Block 99
8%
Brad Pitt, Brian Tyree Henry, Sandra BullockBullet Train
8%
Warren Beatty, Halle Berry, Don CheadleBulworth
8%
Jodie Foster, Kate Winslet, Christoph WaltzCarnage
8%
Michael J. Fox, Sean Penn, John C. ReillyCasualties of War
8%
Viggo Mortensen, Lea Seydoux, Kristen StewartCrimes of the Future
8%
Ken Foree, David Emge, Scott ReinigerDawn of the Dead
8%
Chris Rock, Martin Lawrence, Zoe SaldanaDeath At A Funeral
8%
Bruce Willis, Samuel L. Jackson, Jeremy IronsDie Hard with a Vengeance
8%
Matt Damon, Christoph Waltz, Kristen WiigDownsizing
8%
Mel Gibson, Vince Vaughn, Tory KittlesDragged Across Concrete
8%
Will Smith, Gene Hackman, Jon VoightEnemy of the State
8%
Kurt Russell, Halle Berry, Steven SeagalExecutive Decision
8%
Jennifer Jason Leigh, Jude Law, Willem DafoeeXistenZ
8%
Christian Bale, Sigourney Weaver, Aaron PaulExodus: Gods and Kings
8%
Helen Mirren, Alan Rickman, Aaron PaulEye in the Sky
8%
Dwayne Johnson, Billy Bob Thornton, Carla GuginoFaster
8%
Sean Connery, F. Murray Abraham, Anna PaquinFinding Forrester
8%
Denzel Washington, Don Cheadle, John GoodmanFlight
8%
Steve Carell, Anne Hathaway, Dwayne JohnsonGet Smart
8%
Sam Rockwell, Penelope Cruz, Nicolas CageG-Force
8%
Ice Cube, Jason Statham, Pam GrierGhosts of Mars
8%
Robert Pattinson, Benny Safdie, Jennifer Jason LeighGood Time
8%
John Cusack, Elijah Wood, Tamsin EgertonGrand Piano
8%
Tupac Shakur, Tim Roth, Thandiwe NewtonGridlock'd
8%
Philip Baker Hall, John C. Reilly, Gwyneth PaltrowHard Eight
8%
Kane Hodder, Tony Todd, Robert EnglundHatchet
8%
Denzel Washington, Milla Jovovich, Rosario DawsonHe Got Game
8%
Andrew Robinson, Ashley Laurence, Doug BradleyHellraiser
8%
Zazie Beetz, Bill Duke, Zachary QuintoHigh Flying Bird
8%
Jodie Foster, Jeff Goldblum, Dave BautistaHotel Artemis
8%
Laura Dern, Jeremy Irons, Naomi WattsInland Empire
8%
Bryan Cranston, Scarlett Johansson, Edward NortonIsle of Dogs
8%
Arnold Schwarzenegger, Rita Wilson, Jake LloydJingle All the Way
8%
Wesley Snipes, Samuel L. Jackson, Halle BerryJungle Fever
8%
Rowan Atkinson, Maggie Smith, Patrick SwayzeKeeping Mum
8%
David Sandberg, Jorma Taccone, David HasselhoffKung Fury
8%
John Leguizamo, Dennis Hopper, Asia ArgentoLand of the Dead
8%
Daveigh Chase, Tia Carrere, Ving RhamesLilo & Stitch
8%
Nicolas Cage, Andrea Riseborough, Bill DukeMandy
8%
Denzel Washington, Dakota Fanning, Christopher WalkenMan of Fire
8%
Kirsten Dunst, Jason Schwartzman, Judy DavisMarie Antoinette
8%
Owen Wilson, Kathy Bates, Adrien BrodyMidnight in Paris
8%
Sylvester Stallone, Billy Dee Williams, Lindsey WagnerNighthawks
8%
Bob Odenkirk, Christopher Lloyd, RZANobody
8%
Jason Statham, Jennifer Lopez, Nick NolteParker
8%
Dwayne Johnson, Gary Oldman, Jessica BielPlanet 51
8%
Rose McGowan, Freddy Rodriguez, Bruce WillisPlanet Terror
8%
Danny Glover, Gary Busey, Bill PaxtonPredator 2
8%
Adrien Brody, Alice Braga, Laurence FishburnePredators
8%
J.G. Quintel, Sam Marin, Mark HamillRegular Show: The Movie
8%
Woody Allen, Hugh Jackman, Scarlett JohanssonScoop
8%
Will Smith, Rosario Dawson, Woody HarrelsonSeven Pounds
8%
John Malkovich, Willem Dafoe, Udo KierShadow of the Vampire
8%
Seth MacFarlane, Alex Borstein, Seth GreenStewie Griffin: The Untold Story
8%
Bill Murray, Naomi Watts, Terrence HowardSt. Vincent
8%
Sylvester Stallone, Kurt Russell, James HongTango & Cash
8%
Arnold Schwarzenegger, Michael Rooker, Robert DuvallThe 6th Day
8%
Suki Waterhouse, Jason Momoa, Keanu ReevesThe Bad Batch
8%
Heather Donahue, Michael Williams, Joshua LeonardThe Blair Witch Project
8%
Diego Luna, Zoe Saldana, Ice CubeThe Book of Life
8%
Tom Hanks, Bruce Dern, Carrie FisherThe Burbs
8%
Robert De Niro, Leslie Mann, Harvey KeitelThe Comedian
8%
Patrick Wilson, Vera Farmiga, Ron LivingstonThe Conjuring
8%
Chuck Norris, Lee Marvin, Robert ForsterThe Delta Force
8%
George Clooney, Judy Greer, Robert ForsterThe Descendants
8%
James Franco, Dave Franco, Alison BrieThe Disaster Artist
8%
Tom Hardy, Noomi Rapace, James GandolfiniThe Drop
8%
Elijah Wood, Salma Hayek, UsherThe Faculty
8%
Mark Wahlberg, Zooey Deschanel, John LeguizamoThe Happening
8%
Susan Lanier, Dee Wallace, Michael BerrymanThe Hills Have Eyes
8%
Matt Dillon, Bruno Ganz, Uma ThurmanThe House That Jack Built
8%
Ewan McGregor, Scarlett Johansson, Michael Clarke DuncanThe Island
8%
Willem Dafoe, Harvey Keitel, David BowieThe Last Temptation of Christ
8%
Meryl Streep, Gary Oldman, Antonio BanderasThe Laundromat
8%
Bill Murray, Owen Wilson, Cate BlanchettThe Life Aquatic with Steve Zissou
8%
Jim Carrey, Bob Balaban, Laurie HoldenThe Majestic
8%
Adam Devine, Pierce Brosnan, Michael RookerThe Out-Laws
8%
Shia LaBeouf, Dakota Johnson, Zack GottsagenThe Peanut Butter Falcon
8%
Hank Azaria, Neil Patrick Harris, Katy PerryThe Smurfs
8%
Marilyn Burns, Edwin Neal, Gunnar HansenThe Texas Chain Saw Massacre
8%
Sandra Bullock, Viola Davis, Vincent D'OnofrioThe Unforgivable
8%
Robert De Niro, Uma Thurman, Christopher WalkenThe War with Grandpa
8%
Val Kilmer, Elle Fanning, Bruce DernTwixt
8%
Jean-Claude Van Damme, Dolph Lundgren, Ally WalkerUniversal Soldier
8%
Tommy Lee Jones, Robert Downey Jr., Wesley SnipesU.S. Marshals
8%
Daniel Radcliffe, Evan Rachel Wood, Weird Al YankovicWeird: The Al Yankovic Story
8%
Adam Sandler, Kevin James, Jessica BielI Now Pronounce You Chuck and Laryry
0%
Chuck Norris, David Carradine, Barbara CerreraLone Wolf McQuade
0%

Score Distribution

Percentile by Number Answered

Percent of People with Each Score

Your Score History

You have not taken this quiz